El llamado del mundo

Guardat en:
Dades bibliogràfiques
Autor principal: Prado, Pedro (Autor)
Format: Llibre
Idioma:espanyol
Publicat: Santiago Universitaria 1971
Col·lecció:Colección Los Fundadores
Matèries:
Etiquetes: Afegir etiqueta
Sense etiquetes, Sigues el primer a etiquetar aquest registre!

MARC

LEADER 00000cam a2200000 a 4500
001 UCY8303
003 CL-VaPUC
008 950703e19710000CL |||||||||||||||||spa|d
082 0 4 |a Ch861  |b PRA  |2 21 
100 0 |a Prado, Pedro  |e author  |9 315575 
245 1 3 |a El llamado del mundo 
300 |a 175 p 
942 |c BK 
945 |d 19950703 00:00:00  |a rbrito 
260 |a Santiago  |b Universitaria  |c 1971 
650 0 |a Poesías chilenas   |9 265280 
583 |a last modification  |c 20141107 02:29:59  |k Rodrigo Vera 
490 0 |a Colección Los Fundadores 
999 |c 235572  |d 235570 
952 |0 0  |1 0  |4 0  |6 CH_861_000000000000000_PRA_1971  |7 0  |8 A  |9 243093  |a BIBEDU  |b BIBEDU  |d 2019-11-18  |i 3096904  |o Ch861 PRA 1971  |p 3096904  |r 2019-11-18  |w 2019-11-18  |y BK  |k LIT 
952 |0 0  |1 0  |4 0  |6 CH_861_000000000000000_PRA_1971  |7 0  |8 A  |9 243094  |a BIBEDU  |b BIBEDU  |d 2019-11-18  |i 1443550  |o Ch861 PRA 1971  |p 1443550  |r 2019-11-18  |w 2019-11-18  |y BK  |k LIT 
952 |0 0  |1 0  |3 erb  |4 0  |6 CH_861_000000000000000_PRA_1971  |7 0  |8 X  |9 243095  |a FDOBUD  |b FDOBUD  |i 5106125  |o Ch861 PRA 1971  |p 5106125  |r 2019-11-18  |w 2019-11-18  |y BK_X  |z Catalogado en:20141107  |k BUD